| 000 | 00706cam a22002172 4500 | ||
|---|---|---|---|
| 001 | 0000002296 | ||
| 005 | 20151217151848.0 | ||
| 008 | 070405s xx 000 0 eng d | ||
| 040 |
_aKABU _cKABU |
||
| 050 | 0 |
_aHF5548.32 _b.H37 |
|
| 100 | 1 |
_aHarwar, Martin. _@0000151620 |
|
| 245 | 1 | 0 |
_aSolutions for supplier empowerment : _bbusiness-to-business e-commerce / _cMartin Harwar, Andy Longshaw, Robert Hylton. |
| 260 |
_aRedmond : _bMicrosoft, _c2002. |
||
| 300 | _ax, 207 p. | ||
| 650 | 0 |
_aElectronic commerce. _@0000148142 |
|
| 700 | 1 |
_aLongshaw, Andy. _@0000151621 |
|
| 700 | 1 |
_aHylton, Robert. _@0000151622 |
|
| 908 | _a070405 | ||
| 950 | _@1 | ||
| 999 |
_c5771 _d5771 |
||